La red sociotécnica originada en Costa Rica, que permitió el desarrollo del primer suero antiofídico polivalente para África subsahariana /
Kaydedildi:
| Yazar: | |
|---|---|
| Materyal Türü: | Kitap |
| Dil: | Spanish |
| Etiketler: |
Etiketle
Etiket eklenmemiş, İlk siz ekleyin!
|
MARC
| LEADER | 00000nam a22000007a 4500 | ||
|---|---|---|---|
| 003 | cru CIDCACS/IIS | ||
| 005 | 20180111115905.0 | ||
| 007 | ta | ||
| 008 | 180110s2016 cr |||p|r||||||0| 0|spa d | ||
| 999 | |c 40778 |d 40778 | ||
| 040 | |c cru CIDCACS/IIS | ||
| 100 | 1 | |9 6311 |a Calderón Saravia, Ana Lucía | |
| 245 | 1 | 3 | |a La red sociotécnica originada en Costa Rica, que permitió el desarrollo del primer suero antiofídico polivalente para África subsahariana / |c Ana Lucía Calderón Saravia |
| 300 | |a páginas 49-67 | ||
| 773 | 0 | |0 18728 |9 1718 |a Universidad de Costa Rica |d San José, Costa Rica Editorial UCR 1956- |o 18400 |t Revista de Ciencias Sociales/ | |
| 942 | |2 ddc |c PP | ||
